| 000 | 00845nam a22002177a 4500 | ||
|---|---|---|---|
| 999 |
_c6159 _d6159 |
||
| 003 | AR-CdUCM | ||
| 008 | 190313b ||||| |||| 00| 0 spa d | ||
| 040 |
_aMUNICIPALIDAD PROVINCIAL DEL CUSCO _cBIBLIOTECA MUNICIPAL DEL CUSCO |
||
| 082 |
_a869.56 / _bF66 |
||
| 100 |
_aFlorián, Mario _914609 |
||
| 245 | _aMachu Picchu de voces triunfales (oda heroíca a Machu Picchu) / | ||
| 260 |
_aLima : _bGran Unidad Escolar Bartolomé Herrera, _c1961. |
||
| 300 |
_a11 páginas ; _c25 cm. |
||
| 500 | _a"Edición especial de la Gran Unidad Escolar 'Bartolomé Herrera' en homenaje al cincuentenario del conocimiento público de Machu Picchu" | ||
| 650 |
_aPoesías peruanas _91481 |
||
| 650 |
_aSiglo XX _98 |
||
| 650 |
_aSantuario Histórico de Machu Picchu (Cus., Perú) _917823 |
||
| 650 |
_aPoesías _92272 |
||
| 942 |
_2ddc _cLIBROS |
||
| 945 | _azta | ||